| 000 | 00728nam a2200253Ia 4500 | ||
|---|---|---|---|
| 003 | OSt | ||
| 005 | 20220924130720.0 | ||
| 006 | a|||||r|||| 00| 0 | ||
| 007 | ta | ||
| 008 | 220923b |||||||| |||| 00| 0 mal d | ||
| 024 | _a43577 | ||
| 037 | _cTextual | ||
| 040 |
_aARTS _cARTS _bmal |
||
| 041 |
_2mal _amal |
||
| 082 | _aO320r111,3:g, 111L8 | ||
| 100 | _aLeela Devi R | ||
| 245 | 0 | _aInfluence of English on Malayalam novels | |
| 260 |
_aTrivandrum _bCollege Book House India _c1978 |
||
| 300 |
_avi,200p. _ccm. |
||
| 500 | _aBib 191p; Appendix 192-200p | ||
| 650 |
_aMALAYALAM LITERATURE _938866 |
||
| 942 |
_hO320r111,3:g, 111L8 _cTEXL _2CC |
||
| 999 |
_c425273 _d425273 |
||